Vida y obra de una insigne educadora la Vble. Madre Joaquina de Vedruna de Mas
Wedi'i Gadw mewn:
| Prif Awdur: | |
|---|---|
| Fformat: | Llyfr |
| Iaith: | Sbaeneg |
| Cyhoeddwyd: |
Santiago
Imprenta Chile
1925
|
| Rhifyn: | 1a. ed |
| Pynciau: | |
| Tagiau: |
Ychwanegu Tag
Dim Tagiau, Byddwch y cyntaf i dagio'r cofnod hwn!
|
MARC
| LEADER | 00000cam a2200000 a 4500 | ||
|---|---|---|---|
| 001 | UCD0429 | ||
| 003 | CL-VaPUC | ||
| 008 | 151127e19250000cl |||||||||||||||||spa|d | ||
| 082 | 0 | 4 | |a 922.22 |b PAM |2 21 |
| 100 | |a Pamplona, Ignacio de |e autor |9 583406 | ||
| 245 | 1 | 0 | |a Vida y obra de una insigne educadora la Vble. Madre Joaquina de Vedruna de Mas |
| 250 | |a 1a. ed | ||
| 300 | |a 248 p | ||
| 942 | |c BK | ||
| 945 | |d 20151127 13:45:00 |a gsalatino | ||
| 260 | |a Santiago |b Imprenta Chile |c 1925 | ||
| 650 | 0 | |a Santas |9 502754 | |
| 650 | 0 | |a Vida y obra |9 311871 | |
| 650 | 0 | |a Biografías |9 255210 | |
| 651 | 0 | |a España |9 254926 | |
| 583 | |a last modification |c 20151127 13:45:00 |k Rodrigo Vera | ||
| 999 | |c 361968 |d 361966 | ||
| 952 | |0 0 |1 0 |3 erb |4 0 |6 922_220000000000000_PAM_1925 |7 0 |8 P |9 472744 |a BIBTEO |b BIBTES |c TEO_FTES |i 5271959 |o 922.22 PAM 1925 |p 5271959 |r 2024-01-18 |w 2019-11-24 |y BK |z Catalogado en:20151127 |k ICR | ||